| 000 | 00611nam a22001937a 4500 | ||
|---|---|---|---|
| 005 | 20170718163106.0 | ||
| 010 | _aENG-119361 | ||
| 020 |
_a9788123780160 _c215.00 |
||
| 035 | _aEN-102893 | ||
| 037 | _bDBAD/PUB | ||
| 082 | _aS | ||
| 100 | _aJoshi, Umashankar | ||
| 245 |
_aThe quilt from the flea-market and other stories _cby Umashankar Joshi ; compiled Svati Joshi |
||
| 260 |
_bNational Book Trust _c2017 _aNew Delhi |
||
| 270 |
_aNehru bhawan, 5 institutional area, phase-II vasant kunj _bNew Delhi _e110070 |
||
| 300 |
_axiii,209p. _c17cm(pbk) |
||
| 700 | _aSvati Joshi | ||
| 942 |
_2ddc _cEN _hS _mJOS |
||
| 999 |
_c142673 _d142673 |
||